| 000 | 00489nam a2200205Ia 4500 | ||
|---|---|---|---|
| 003 | 0100 | ||
| 008 | 130303s9999 xx 000 0 und d | ||
| 020 | _a393012468 | ||
| 040 | _cARRUPELIB | ||
| 050 | _aBF175.E7 1980 | ||
| 100 | _aErikson, Erik H | ||
| 245 | _aIdentity and the Life Cycle | ||
| 260 | _aNew York | ||
| 260 | _bW. W. Norton & Company | ||
| 260 | _C1980 | ||
| 300 | _a191p. 19cm. | ||
| 650 | _aPSYCHOLOGY | ||
| 650 | _bNobility -- France -- Biography | ||
| 942 | 0 | 0 | _04 |
| 999 |
_c14231 _d14231 |
||